|
|
|
|
| LEADER |
00950nam a2200253 a 4500 |
| 001 |
013432242 |
| 008 |
101219s2006 enka b 001 0 eng d |
| 999 |
|
|
|c 10272
|d 10272
|
| 020 |
|
|
|a 9781856694834 (pbk.)
|
| 020 |
|
|
|a 1856694836 (pbk.)
|
| 040 |
|
|
|a StDuBDS
|d IeDuTC
|d Uk
|d BD-DhAAL
|
| 082 |
0 |
4 |
|a 729.28
|2 22
|
| 100 |
1 |
|
|a Meyers, Victoria.
|9 32106
|
| 245 |
0 |
0 |
|a Designing with light /
|c Victoria Meyers.
|
| 260 |
|
|
|a London :
|b Laurence King,
|c 2006.
|
| 300 |
|
|
|a 144 p. :
|b col. ill. ;
|c 25 x 25 cm.
|
| 500 |
|
|
|a Formerly CIP.
|5 Uk
|
| 504 |
|
|
|a Includes bibliographical references and index.
|
| 526 |
|
|
|a ARC
|
| 541 |
1 |
|
|e 000021649
|
| 650 |
|
0 |
|a Light in architecture.
|9 32107
|
| 852 |
4 |
|
|a Ayesha Abed library
|c General Shelf.
|
| 942 |
0 |
0 |
|0 1
|2 ddc
|c BK
|
| 952 |
|
|
|0 0
|1 0
|2 ddc
|4 0
|6 729_280000000000000_MEY
|7 0
|9 13722
|a BRACUL
|b BRACUL
|c GEN
|d 2011-01-02
|e Zeenat Book Supply Ltd.
|g 2593.00
|l 19
|m 113
|o 729.28 MEY
|p 3010021649
|r 2026-04-12
|s 2026-03-08
|t 1
|w 2011-01-02
|y BK
|